Estadísticas para Países por Imágenes Parciales de Banderas #2

Haz click aquí para tomar la prueba!

Estadísticas generales

  • Esta prueba ha sido tomada 2.751 veces
  • La puntuación promedio es 15 de 16

Estadísticas de respuestas

Respuesta% Correcto
Brasil
99%
Corea del Sur
98%
China
97%
Portugal
97%
Croacia
96%
Dinamarca
96%
México
95%
Australia
90%
Kenia
89%
Macedonia del Norte
89%
Pakistán
88%
Ciudad del Vaticano
87%
Malasia
87%
Bielorrusia
85%
Camboya
84%
Ghana
82%

Distribución de puntuación

Porcentaje por número respondido

Porcentaje de gente con cada puntuación

Historial de tus puntuaciones

No has tomado esta prueba